Systematic design of a 100-W 6.78-MHz wireless charging station covering multiple devices and a large charging area / (Record no. 19136)
[ view plain ]
| 000 -LEADER | |
|---|---|
| fixed length control field | 00945nam a22002177a 4500 |
| 003 - CONTROL NUMBER IDENTIFIER | |
| control field | OSt |
| 005 - DATE AND TIME OF LATEST TRANSACTION | |
| control field | 20250913153005.0 |
| 008 - FIXED-LENGTH DATA ELEMENTS--GENERAL INFORMATION | |
| fixed length control field | 240214b ||||| |||| 00| 0 eng d |
| 040 ## - CATALOGING SOURCE | |
| Transcribing agency | 0 |
| 082 ## - DEWEY DECIMAL CLASSIFICATION NUMBER | |
| Classification number | DPer 621.381 In821 April 2022 v. 37 n. 4 |
| 100 ## - MAIN ENTRY--PERSONAL NAME | |
| Personal name | Li, Jie. |
| Relator term | author. |
| 9 (RLIN) | 52315 |
| 245 ## - TITLE STATEMENT | |
| Title | Systematic design of a 100-W 6.78-MHz wireless charging station covering multiple devices and a large charging area / |
| Statement of responsibility, etc. | Jie Li, Ruiyang Qin, Jingjing Sun, and Daniel Costinett. |
| 260 ## - PUBLICATION, DISTRIBUTION, ETC. (IMPRINT) | |
| Place of publication, distribution, etc. | New York ; |
| Name of publisher, distributor, etc. | The Institute of Electrical and Electronics Engineers, Inc. , |
| Date of publication, distribution, etc. | April 2022. |
| 300 ## - PHYSICAL DESCRIPTION | |
| Extent | Volume 37, pages 4877-4889 : |
| Other physical details | illustration ; |
| Dimensions | 28 cm. |
| 500 ## - GENERAL NOTE | |
| General note | IEEE Transaction on Power Electronics, vol. 37, no. 4, pages 4877-4889, April 2022. |
| 700 ## - ADDED ENTRY--PERSONAL NAME | |
| Personal name | Li, Jie. |
| Relator term | author. |
| 9 (RLIN) | 52315 |
| 700 ## - ADDED ENTRY--PERSONAL NAME | |
| Personal name | Qin, Ruiyang. |
| Relator term | author. |
| 9 (RLIN) | 52316 |
| 700 ## - ADDED ENTRY--PERSONAL NAME | |
| Personal name | Sun, Jingjing. |
| Relator term | author. |
| 9 (RLIN) | 52317 |
| 700 ## - ADDED ENTRY--PERSONAL NAME | |
| Personal name | Costinett, Daniel. |
| Relator term | author. |
| 9 (RLIN) | 52318 |
| 942 ## - ADDED ENTRY ELEMENTS (KOHA) | |
| Source of classification or shelving scheme | Dewey Decimal Classification |
| Koha item type | Periodicals |
| Withdrawn status | Lost status | Source of classification or shelving scheme | Damaged status | Not for loan | Collection code | Home library | Current library | Date acquired | Total Checkouts | Full call number | Date last seen | Price effective from | Koha item type | Public note |
|---|---|---|---|---|---|---|---|---|---|---|---|---|---|---|
| Dewey Decimal Classification | Periodicals | UM Digos College - LIC | UM Digos College - LIC | 02/14/2024 | DPer 621.381 In821 April 2022 v. 37 n. 4 | 02/14/2024 | 02/14/2024 | Periodicals | Periodical Article |
